00505 a2200181 4500001000700000020002200007040001100029100002100040240003500061245003000096300000700126362000900133440002800142697002300170942000700193952010400200999001900304191458 a978-85-7406-404-8 cMagnum aSá Rego, Karin10aPalavrinha ou palavrão?lpor10aPalavrinha ou palavrão? a440 a2010 1aCompanhia das Letrinhas aLITERATURA INFANTO cBK 00104070a32.5b32.5d2024-06-08l0o869.1.1333pMAG00068907r2024-06-08 21:18:02w2024-06-08yBK c191458d191458